|
|
|
|
| LEADER |
00935cam a2200241 7i4500 |
| 001 |
0000079879 |
| 005 |
20231003090000.0 |
| 020 |
|
|
|a 9781003405634 (electronic book)
|
| 090 |
0 |
0 |
|a P37
|b .A28 2024
|
| 100 |
1 |
|
|a Acuna Farina, Juan Carlos
|
| 245 |
1 |
0 |
|a Syntactic processing :
|b an overview
|c Carlos Acuna-Farina.
|
| 264 |
|
|
|a Abingdon, Oxon ; New York, NY:
|b Routledge,
|c 2024.
|
| 300 |
|
|
|a 1 online resource (x, 237 pages):
|b text file, PDF.
|
| 336 |
|
|
|a text
|2 rdacontent
|
| 337 |
|
|
|a computer
|2 rdamedia
|
| 338 |
|
|
|a online resource
|2 rdacarrier
|
| 650 |
|
0 |
|a Grammar, Comparative and general --
|x Syntax
|
| 650 |
|
0 |
|a Grammar, Comparative and general --
|x Sentences
|
| 650 |
|
0 |
|a Psycholinguistics
|
| 655 |
|
0 |
|a Electronic books
|
| 856 |
4 |
2 |
|u http://library.unisel.edu.my/web/guest/mylibrary
|
| 997 |
|
|
|a Education & Social Sciences, Faculty
|b Language Education, Department
|
| 999 |
|
|
|a EBO0022060
|b EBOOK
|c EBOOK
|e Electronic resources
|